[Event "Paul Keres mem (33rd)"]
[Site "Vancouver CAN"]
[Date "2008.05.17"]
[Round "2.1"]
[White "Wu, Howard"]
[Black "Orlov, Georgi"]
[Result "0-1"]
[WhiteElo "2251"]
[BlackElo "2563"]
[PlyCount "68"]
[GameId "2160767910354778"]
[EventDate "2008.05.16"]
[EventType "swiss"]
[EventRounds "7"]
[EventCountry "CAN"]

1. e4 d6 2. d4 Nf6 3. Nc3 c6 4. Nf3 g6 5. Bd3 Bg7 6. O-O O-O 7. h3 Qc7 8. Be3 e5 9. dxe5 dxe5 10. a4 Rd8 11. Nd2 Nbd7 12. Nb3 Nf8 13. f4 exf4 14. Bxf4 Qb6+ 15. Kh1 Ne6 16. a5 Qb4 17. Ra4 Qe7 18. e5 Nd7 19. Qe2 Ndc5 20. Nxc5 Nxc5 21. Raa1 Nxd3 22. cxd3 Bf5 23. Rf3 Rd4 24. g4 Bxd3 25. Qe3 c5 26. Re1 Re8 27. Qf2 b6 28. Qg3 Ba6 29. Be3 Rd3 30. Bf4 Bb7 31. Ne4 Rxf3 32. Qxf3 Bxe5 33. Bxe5 Qxe5 34. Nf6+ Kh8 0-1

[Event "Paul Keres mem (33rd)"]
[Site "Vancouver CAN"]
[Date "2008.05.17"]
[Round "2.2"]
[White "Cheng, Bindi"]
[Black "Jiganchine, Roman"]
[Result "1-0"]
[WhiteElo "2360"]
[BlackElo "2235"]
[PlyCount "47"]
[GameId "2160767910354779"]
[EventDate "2008.05.16"]
[EventType "swiss"]
[EventRounds "7"]
[EventCountry "CAN"]

1. d4 d5 2. c4 dxc4 3. Nf3 Nf6 4. Nc3 c6 5. a4 Bf5 6. Ne5 Nbd7 7. Nxc4 Nb6 8. Ne5 e6 9. f3 Nfd7 10. a5 Nxe5 11. axb6 Nd7 12. e4 Bg6 13. Rxa7 Rxa7 14. bxa7 Qa8 15. Qa4 Nb6 16. Qa5 Nc8 17. d5 Bd6 18. dxc6 bxc6 19. Be3 O-O 20. Bc4 Re8 21. O-O f6 22. Rd1 Bf7 23. Ba6 Be7 24. Rd7 1-0

[Event "Paul Keres mem (33rd)"]
[Site "Vancouver CAN"]
[Date "2008.05.17"]
[Round "2.3"]
[White "Roua, Radu Laurentiu"]
[Black "Davies, Noam"]
[Result "1/2-1/2"]
[WhiteElo "2321"]
[BlackElo "2210"]
[PlyCount "155"]
[GameId "2160767910354780"]
[EventDate "2008.05.16"]
[EventType "swiss"]
[EventRounds "7"]
[EventCountry "CAN"]

1. d4 Nf6 2. Nf3 g6 3. Nbd2 d5 4. Ne5 Bg7 5. e3 O-O 6. f4 b6 7. Bd3 c5 8. c3 Qc7 9. Qf3 Bb7 10. O-O Nfd7 11. Qh3 Bc8 12. Qf3 Bb7 13. Qg3 Ba6 14. Bxa6 Nxa6 15. Qh3 e6 16. g4 f6 17. Nxd7 Qxd7 18. Nf3 Rae8 19. Bd2 Nc7 20. g5 f5 21. Rf2 Nb5 22. Qf1 Nd6 23. h4 Ne4 24. Rh2 Ng3 25. Qe1 Nh5 26. Rg2 Rb8 27. Qe2 Rfc8 28. Kf2 c4 29. Rgg1 b5 30. Rgb1 a5 31. Qe1 a4 32. b3 Qa7 33. bxa4 Qxa4 34. Rb4 Qa6 35. a4 bxa4 36. Raxa4 Qc6 37. Qa1 Rxb4 38. Rxb4 Bf8 39. Ne5 Qc7 40. Rb5 Bd6 41. Qa6 Rb8 42. Nc6 Rxb5 43. Qxb5 Kf7 44. Qa6 Ng7 45. Na7 Ne8 46. Nb5 Qd7 47. Bc1 Be7 48. Na7 Nd6 49. Nc6 Qb7 50. Ne5+ Kg7 51. Qxb7 Nxb7 52. Ke2 Bd6 53. Nf3 Na5 54. Kd1 Nc6 55. Kc2 Na7 56. Bb2 Nb5 57. Bc1 Bc7 58. Bb2 Bd6 59. Nd2 Bc7 60. Nf1 Bd6 61. Ng3 Bc7 62. h5 Bd6 63. h6+ Kf7 64. Ne2 Ke7 65. Ng1 Kd7 66. Bc1 Kc6 67. Nf3 Kb6 68. Nh4 Bf8 69. Bb2 Ka5 70. Kb1 Ka4 71. Ka2 Ka5 72. Nf3 Bd6 73. Ba1 Ka4 74. Nh4 Bf8 75. Bb2 Ka5 76. Nf3 Bd6 77. Nh4 Bf8 78. Nf3 1/2-1/2

[Event "Paul Keres mem (33rd)"]
[Site "Vancouver CAN"]
[Date "2008.05.17"]
[Round "2.4"]
[White "Toubale, Tarek"]
[Black "Berry, Jonathan"]
[Result "1-0"]
[WhiteElo "2173"]
[BlackElo "2284"]
[PlyCount "69"]
[GameId "2160767910354781"]
[EventDate "2008.05.16"]
[EventType "swiss"]
[EventRounds "7"]
[EventCountry "CAN"]

1. e4 d6 2. d4 g6 3. c4 Nd7 4. Nc3 e5 5. Be3 Bg7 6. Nge2 f5 7. g3 Ngf6 8. Bg2 O-O 9. exf5 gxf5 10. O-O Kh8 11. Qd2 c6 12. Bh6 Bxh6 13. Qxh6 Rg8 14. Qd2 Rg6 15. Rad1 Qg8 16. b3 f4 17. Ne4 Ne8 18. dxe5 dxe5 19. Qb2 Qg7 20. Rd2 h5 21. h4 Nb6 22. Ng5 Bg4 23. f3 Bf5 24. Qxe5 Rxg5 25. Qxf4 Rg6 26. Qxf5 Nf6 27. Rfd1 Rg8 28. Rd8 Ne8 29. Qxh5+ Rh6 30. Qg5 Rg6 31. Qf4 Qe7 32. Qd4+ Kh7 33. Qe4 Qc5+ 34. Nd4 Nf6 35. Qf5 1-0

[Event "Paul Keres mem (33rd)"]
[Site "Vancouver CAN"]
[Date "2008.05.17"]
[Round "2.5"]
[White "Cadman, Charles"]
[Black "Milicevic, Dragoljub"]
[Result "1-0"]
[WhiteElo "2332"]
[BlackElo "2168"]
[PlyCount "79"]
[GameId "2160767910354782"]
[EventDate "2008.05.16"]
[EventType "swiss"]
[EventRounds "7"]
[EventCountry "CAN"]

1. e4 g6 2. d4 Bg7 3. Nc3 d6 4. Nf3 a6 5. Bd3 Bg4 6. Be3 Nc6 7. Be2 e5 8. d5 Nce7 9. Nd2 Bd7 10. O-O f5 11. f3 Nf6 12. a4 O-O 13. a5 f4 14. Bf2 g5 15. Na4 h5 16. c4 Ng6 17. c5 g4 18. cxd6 cxd6 19. Nb6 Rb8 20. Ndc4 g3 21. hxg3 fxg3 22. Bxg3 h4 23. Bf2 Nh5 24. Nxd7 Qxd7 25. f4 Nhxf4 26. Bg4 Qe7 27. Ne3 Qg5 28. Ra3 Rf6 29. Nf5 Rbf8 30. g3 h3 31. gxf4 exf4 32. Kh1 h2 33. Kxh2 Rxf5 34. Bxf5 f3 35. Qxf3 Nh4 36. Qg4 Rxf5 37. Qxg5 Rxg5 38. Bxh4 Rg4 39. Kh3 Rxe4 40. Rg3 1-0

[Event "Paul Keres mem (33rd)"]
[Site "Vancouver CAN"]
[Date "2008.05.17"]
[Round "2.13"]
[White "Niksic, John"]
[Black "Chan, James"]
[Result "1-0"]
[WhiteElo "1950"]
[BlackElo "2076"]
[PlyCount "65"]
[GameId "2160767910354783"]
[EventDate "2008.05.16"]
[EventType "swiss"]
[EventRounds "7"]
[EventCountry "CAN"]

1. Nf3 f5 2. d4 g6 3. g3 Bg7 4. Bg2 Nf6 5. O-O O-O 6. c4 d6 7. Nc3 Qe8 8. b3 h6 9. Bb2 c6 10. d5 c5 11. Nd2 Na6 12. a3 Nc7 13. e4 g5 14. Re1 Qf7 15. Qc2 f4 16. b4 fxg3 17. hxg3 Ng4 18. Nf3 cxb4 19. axb4 Qh5 20. Nd1 Bd7 21. Bxg7 Kxg7 22. Ne3 a6 23. Nf5+ Bxf5 24. exf5 Rf7 25. Nd4 Raf8 26. f3 Qh2+ 27. Kf1 Ne5 28. Kf2 Nxf3 29. Nxf3 Rxf5 30. Qc3+ Kg8 31. Rh1 Rxf3+ 32. Qxf3 Rxf3+ 33. Kxf3 1-0

[Event "Paul Keres mem (33rd)"]
[Site "Vancouver CAN"]
[Date "2008.05.17"]
[Round "3.1"]
[White "Orlov, Georgi"]
[Black "Cadman, Charles"]
[Result "1-0"]
[WhiteElo "2563"]
[BlackElo "2332"]
[PlyCount "93"]
[GameId "2160767910354784"]
[EventDate "2008.05.16"]
[EventType "swiss"]
[EventRounds "7"]
[EventCountry "CAN"]

1. d4 Nf6 2. c4 c5 3. Nf3 cxd4 4. Nxd4 e5 5. Nb5 d5 6. cxd5 Bc5 7. e3 O-O 8. N5c3 e4 9. a3 Bf5 10. Be2 Nbd7 11. g4 Bg6 12. h4 h6 13. Nd2 Qe7 14. b4 Bd6 15. Bb2 a5 16. bxa5 Rxa5 17. Nc4 Raa8 18. Nb5 Ne8 19. Ncxd6 Nxd6 20. Qd4 f6 21. Qb4 Ra6 22. Nxd6 Rxd6 23. a4 Ne5 24. Ba3 Rfd8 25. Qd4 Qd7 26. Bxd6 Qxd6 27. Rd1 Rc8 28. a5 Rc2 29. h5 Bh7 30. Qb6 Qa3 31. Qd8+ Qf8 32. Qxf8+ Kxf8 33. d6 Ke8 34. Bb5+ Kd8 35. O-O Rc5 36. Rb1 Nxg4 37. Rfc1 Rg5 38. Kf1 Bf5 39. d7 Nh2+ 40. Ke1 Rg1+ 41. Kd2 Nf3+ 42. Ke2 Rxc1 43. Rxc1 Bxd7 44. Rd1 Ne5 45. Rd4 f5 46. Rd5 Nc6 47. a6 1-0

[Event "Paul Keres mem (33rd)"]
[Site "Vancouver CAN"]
[Date "2008.05.17"]
[Round "3.2"]
[White "Toubale, Tarek"]
[Black "Cheng, Bindi"]
[Result "1/2-1/2"]
[WhiteElo "2173"]
[BlackElo "2360"]
[PlyCount "61"]
[GameId "2160767910354785"]
[EventDate "2008.05.16"]
[EventType "swiss"]
[EventRounds "7"]
[EventCountry "CAN"]

1. e4 c5 2. Nf3 d6 3. Bb5+ Bd7 4. Bxd7+ Qxd7 5. O-O Nc6 6. c3 Nf6 7. Re1 e6 8. d4 cxd4 9. cxd4 d5 10. e5 Ne4 11. Nbd2 Nxd2 12. Bxd2 Be7 13. Bg5 Rc8 14. Bxe7 Qxe7 15. a3 O-O 16. b4 Qd7 17. Qd3 Ne7 18. Ng5 Ng6 19. h4 h6 20. h5 hxg5 21. hxg6 fxg6 22. Qxg6 Qf7 23. Qxf7+ Rxf7 24. Rac1 Rfc7 25. Rxc7 Rxc7 26. Re3 Rc2 27. g4 a5 28. bxa5 Rd2 29. Rb3 Rxd4 30. Rb4 Rd3 31. a4 1/2-1/2

[Event "Paul Keres mem (33rd)"]
[Site "Vancouver CAN"]
[Date "2008.05.17"]
[Round "3.3"]
[White "Lee, Vicente jr."]
[Black "Selzler, Richard"]
[Result "1/2-1/2"]
[WhiteElo "2356"]
[BlackElo "2358"]
[PlyCount "138"]
[GameId "2160767910354786"]
[EventDate "2008.05.16"]
[EventType "swiss"]
[EventRounds "7"]
[EventCountry "CAN"]

1. d4 Nf6 2. Nf3 g6 3. c4 Bg7 4. Nc3 O-O 5. e4 d6 6. Be2 e5 7. Be3 Ng4 8. Bg5 f6 9. Bh4 Na6 10. O-O g5 11. Bg3 Nh6 12. dxe5 dxe5 13. Qxd8 Rxd8 14. Rfd1 Be6 15. a3 c6 16. Nd2 Nf7 17. f3 Bf8 18. b4 Rdc8 19. c5 Nc7 20. Nc4 Rd8 21. Bf2 Rxd1+ 22. Rxd1 Rd8 23. Rc1 Rd7 24. Be3 Be7 25. Kf2 Kf8 26. Na5 Nd8 27. g3 Kg7 28. f4 exf4 29. gxf4 h6 30. f5 Bg8 31. Rb1 Kf8 32. a4 a6 33. h4 Kg7 34. hxg5 hxg5 35. Nc4 Nf7 36. b5 axb5 37. axb5 Nxb5 38. Nxb5 cxb5 39. Nb6 Rd8 40. Nd5 Bf8 41. Rxb5 Rc8 42. Bd4 Rc6 43. Ke3 Nd8 44. Bc4 Ra6 45. Rb6 Rxb6 46. cxb6 Bxd5 47. Bxd5 Bd6 48. Kf3 Be7 49. Kg4 Kh6 50. e5 fxe5 51. Bxe5 Bc5 52. Bc7 Be7 53. Kf3 Kg7 54. Be5+ Kf8 55. f6 Bc5 56. Bc7 Ke8 57. Kg4 Kd7 58. Kxg5 Ne6+ 59. Bxe6+ Kxe6 60. Kg6 Bd6 61. f7 Bc5 62. Kg7 Ba3 63. f8=Q Bxf8+ 64. Kxf8 Kd7 65. Kf7 Kc8 66. Kf6 Kd7 67. Ke5 Kc8 68. Kd5 Kd7 69. Bf4 Kc8 1/2-1/2

[Event "Paul Keres mem (33rd)"]
[Site "Vancouver CAN"]
[Date "2008.05.17"]
[Round "3.4"]
[White "Leblanc, Paul"]
[Black "Roua, Radu Laurentiu"]
[Result "0-1"]
[WhiteElo "1967"]
[BlackElo "2321"]
[PlyCount "88"]
[GameId "2160767910354787"]
[EventDate "2008.05.16"]
[EventType "swiss"]
[EventRounds "7"]
[EventCountry "CAN"]

1. d4 Nc6 2. g3 e5 3. dxe5 Nxe5 4. Bg2 Nf6 5. Nf3 Nxf3+ 6. Bxf3 d5 7. O-O Be7 8. c4 dxc4 9. Qa4+ c6 10. Qxc4 Be6 11. Qc2 O-O 12. Nc3 Qa5 13. Bd2 Qf5 14. Qxf5 Bxf5 15. e4 Be6 16. Bf4 Bc5 17. e5 Nd7 18. Rad1 h6 19. h4 g5 20. hxg5 hxg5 21. Bxg5 Nxe5 22. Kg2 Nxf3 23. Kxf3 f6 24. Be3 Bxe3 25. Kxe3 Rad8 26. a3 Rde8 27. Kf4 Re7 28. Rd6 Bb3 29. Nd1 Re2 30. Kf3 Bxd1 31. Rfxd1 Rxb2 32. R1d3 Kg7 33. Rd7+ Rf7 34. Rxf7+ Kxf7 35. Ke3 Ke6 36. g4 c5 37. f4 c4 38. Rc3 Kd5 39. g5 fxg5 40. fxg5 Rg2 41. Kf4 Kd4 42. Rc1 c3 43. Kf5 c2 44. g6 Kc3 0-1

[Event "Paul Keres mem (33rd)"]
[Site "Vancouver CAN"]
[Date "2008.05.17"]
[Round "3.5"]
[White "Davies, Noam"]
[Black "Davies, Lucas"]
[Result "1/2-1/2"]
[WhiteElo "2210"]
[BlackElo "2238"]
[PlyCount "54"]
[GameId "2160767910354788"]
[EventDate "2008.05.16"]
[EventType "swiss"]
[EventRounds "7"]
[EventCountry "CAN"]

1. e4 c6 2. d4 d5 3. e5 Bf5 4. Nc3 Qb6 5. Bd3 Bxd3 6. Qxd3 e6 7. Nf3 Nd7 8. O-O Ne7 9. Bd2 Rc8 10. Ne2 c5 11. c3 Nc6 12. Ng5 h6 13. Nh3 g6 14. f4 h5 15. Ng5 Ne7 16. Be3 Nf5 17. Bf2 c4 18. Qc2 Be7 19. Ng3 Nh6 20. h3 h4 21. Ne2 Nf5 22. Kh2 Kf8 23. b4 Kg7 24. a4 Qc7 25. g4 hxg3+ 26. Nxg3 Nxg3 27. Bxg3 Rh6 1/2-1/2

[Event "Paul Keres mem (33rd)"]
[Site "Vancouver CAN"]
[Date "2008.05.17"]
[Round "3.6"]
[White "Berry, Jonathan"]
[Black "Escandor, Manuel Omana"]
[Result "1-0"]
[WhiteElo "2284"]
[BlackElo "1735"]
[PlyCount "97"]
[GameId "2160767910354789"]
[EventDate "2008.05.16"]
[EventType "swiss"]
[EventRounds "7"]
[EventCountry "CAN"]

1. e4 e5 2. Nf3 Nc6 3. Bb5 d6 4. O-O Bd7 5. Re1 a6 6. Bf1 Be7 7. c3 Bg4 8. h3 Bh5 9. d3 h6 10. Nbd2 Nf6 11. Qb3 Rb8 12. d4 O-O 13. d5 Na7 14. c4 Nd7 15. Qc3 c6 16. b4 Rc8 17. Qb3 c5 18. a3 Rc7 19. Qe3 Nc8 20. Bb2 Ncb6 21. Rab1 Qc8 22. bxc5 Rxc5 23. Bc3 a5 24. Rec1 Bxf3 25. Qxf3 Bg5 26. Rc2 Bxd2 27. Bxd2 Nxc4 28. Bxc4 Rxc4 29. Rxc4 Qxc4 30. Bxh6 gxh6 31. Qg4+ Kh8 32. Qxd7 Qxe4 33. Qxb7 Rg8 34. g3 Qf5 35. Rb3 Rc8 36. g4 Rc1+ 37. Kg2 Qe4+ 38. Rf3 Rg1+ 39. Kxg1 Qxf3 40. Qb8+ Kh7 41. Qxd6 Qxh3 42. Qd7 Kg7 43. Qf5 Qxa3 44. Qxe5+ f6 45. Qc7+ Kf8 46. d6 Qa1+ 47. Kg2 Qe5 48. Qc8+ Qe8 49. d7 1-0

[Event "Paul Keres mem (33rd)"]
[Site "Vancouver CAN"]
[Date "2008.05.17"]
[Round "3.9"]
[White "Jiganchine, Roman"]
[Black "Niksic, John"]
[Result "1/2-1/2"]
[WhiteElo "2235"]
[BlackElo "1950"]
[PlyCount "75"]
[GameId "2160767910354790"]
[EventDate "2008.05.16"]
[EventType "swiss"]
[EventRounds "7"]
[EventCountry "CAN"]

1. e4 c5 2. Nf3 Nc6 3. d4 cxd4 4. Nxd4 Nf6 5. Nc3 d6 6. g3 Bd7 7. Bg2 g6 8. h3 Bg7 9. Be3 Rc8 10. O-O O-O 11. Nde2 a6 12. Na4 b5 13. Nb6 Rb8 14. Nxd7 Nxd7 15. Nd4 Nxd4 16. Bxd4 Bxd4 17. Qxd4 Qb6 18. Rfd1 Rfc8 19. c3 Rc4 20. Qd2 b4 21. cxb4 Qxb4 22. Qxb4 Rbxb4 23. b3 Rc5 24. Rab1 a5 25. a3 Rb8 26. b4 Rc3 27. bxa5 Rxa3 28. Ra1 Rxa1 29. Rxa1 Ra8 30. e5 Ra7 31. exd6 exd6 32. Bf1 Nc5 33. a6 Kf8 34. Re1 Ne6 35. Rb1 Nc5 36. Re1 Ne6 37. Rb1 Nc5 38. Re1 1/2-1/2

[Event "Paul Keres mem (33rd)"]
[Site "Vancouver CAN"]
[Date "2008.05.18"]
[Round "4"]
[White "Niksic, John"]
[Black "Daroza, Eduardo"]
[Result "1-0"]
[WhiteElo "1950"]
[BlackElo "2137"]
[PlyCount "63"]
[GameId "2160767910354791"]
[EventDate "2008.05.16"]
[EventType "swiss"]
[EventRounds "7"]
[EventCountry "CAN"]
[SourceTitle "EXT 2011"]
[Source "ChessBase"]
[SourceDate "2011.11.26"]
[SourceVersion "1"]
[SourceVersionDate "2011.11.26"]
[SourceQuality "1"]

1. d4 Nf6 2. Nf3 e6 3. g3 b6 4. Bg2 Bb7 5. O-O Be7 6. c4 d5 7. Ne5 Nbd7 8. Nc3 O-O 9. Bf4 Ne4 10. Rc1 c5 11. Nxe4 dxe4 12. Nxd7 Qxd7 13. dxc5 Qxd1 14. Rfxd1 Bxc5 15. Rd7 Bc8 16. Rc7 f5 17. Rd1 Rf7 18. Rd8+ Rf8 19. Rd2 Rf7 20. Rd8+ Rf8 21. Rxf8+ Bxf8 22. f3 Ba6 23. fxe4 Bc5+ 24. Kf1 Rd8 25. Bf3 fxe4 26. Bxe4 Rf8 27. Kg2 Bxc4 28. b4 e5 29. bxc5 exf4 30. cxb6 Bxe2 31. Bd5+ Kh8 32. bxa7 1-0

[Event "Paul Keres mem (33rd)"]
[Site "Vancouver CAN"]
[Date "2008.05.18"]
[Round "4.1"]
[White "Cheng, Bindi"]
[Black "Orlov, Georgi"]
[Result "1-0"]
[WhiteElo "2360"]
[BlackElo "2563"]
[PlyCount "123"]
[GameId "2160767910354792"]
[EventDate "2008.05.16"]
[EventType "swiss"]
[EventRounds "7"]
[EventCountry "CAN"]

1. Nf3 Nf6 2. d4 e6 3. Bg5 c5 4. c3 h6 5. Bxf6 Qxf6 6. e4 Nc6 7. Bb5 cxd4 8. cxd4 Bb4+ 9. Nc3 O-O 10. O-O Bxc3 11. bxc3 d5 12. Bxc6 bxc6 13. Re1 dxe4 14. Nd2 Rb8 15. Nxe4 Qf4 16. Nc5 Qc7 17. Re3 Re8 18. Qh5 Rd8 19. Rg3 Rd5 20. Qh4 Rf5 21. Ne4 Ba6 22. Qg4 g6 23. Qd1 Kg7 24. Nc5 Bc4 25. Qa4 Bd5 26. Rf1 Qf4 27. Qc2 Bc4 28. Re1 Rb5 29. a4 Rb6 30. Nd7 Rb7 31. Nc5 Rb8 32. Nd7 Rd8 33. Ne5 Bb3 34. Qb2 Bxa4 35. Rf3 Qg5 36. h4 Qxh4 37. Rxf5 gxf5 38. Qa2 Bb5 39. c4 Qxd4 40. cxb5 cxb5 41. Qb3 Rd5 42. Qg3+ Kf6 43. Nf3 Qb4 44. Qb8 Qd6 45. Qh8+ Ke7 46. Qa1 a6 47. Ne5 a5 48. Qc3 b4 49. Qe3 Qc5 50. Qg3 Qc3 51. Re3 Qa1+ 52. Kh2 a4 53. Qh4+ Ke8 54. Nc6 Kd7 55. Nb8+ Ke8 56. Rg3 Qe5 57. Kh3 Qh8 58. Qxb4 f4 59. Rc3 Qf6 60. Rc8+ Rd8 61. Qb5+ Kf8 62. Nd7+ 1-0

[Event "Paul Keres mem (33rd)"]
[Site "Vancouver CAN"]
[Date "2008.05.18"]
[Round "4.2"]
[White "Roua, Radu Laurentiu"]
[Black "Toubale, Tarek"]
[Result "0-1"]
[WhiteElo "2321"]
[BlackElo "2173"]
[PlyCount "80"]
[GameId "2160767910354793"]
[EventDate "2008.05.16"]
[EventType "swiss"]
[EventRounds "7"]
[EventCountry "CAN"]

1. d4 Nf6 2. Nf3 g6 3. e3 Bg7 4. Bd3 d6 5. O-O O-O 6. e4 c5 7. c3 Nc6 8. d5 Nb8 9. h3 e6 10. c4 exd5 11. cxd5 b5 12. Re1 a6 13. a4 b4 14. a5 Bd7 15. Nbd2 Bb5 16. Nc4 Re8 17. Qc2 Bxc4 18. Bxc4 Nfd7 19. Ra2 Ne5 20. Nd2 Nbd7 21. Be2 Qh4 22. b3 Rf8 23. Bf1 f5 24. exf5 gxf5 25. g3 Qh5 26. Bg2 f4 27. g4 Qh4 28. Re4 f3 29. Bf1 Nf6 30. Rxe5 Nxg4 31. Nxf3 Rxf3 32. Qe4 Rxf2 33. Re8+ Rxe8 34. Qxe8+ Rf8 35. Qe6+ Kh8 36. hxg4 Bd4+ 37. Kg2 Rf2+ 38. Rxf2 Qxf2+ 39. Kh3 Qxf1+ 40. Kh4 Bf2+ 0-1

[Event "Paul Keres mem (33rd)"]
[Site "Vancouver CAN"]
[Date "2008.05.18"]
[Round "4.3"]
[White "Selzler, Richard"]
[Black "Cadman, Charles"]
[Result "1/2-1/2"]
[WhiteElo "2358"]
[BlackElo "2332"]
[PlyCount "55"]
[GameId "2160767910354794"]
[EventDate "2008.05.16"]
[EventType "swiss"]
[EventRounds "7"]
[EventCountry "CAN"]

1. d4 Nf6 2. c4 c5 3. d5 g6 4. Nc3 Bg7 5. e4 d6 6. Nf3 O-O 7. Be2 Na6 8. O-O Nc7 9. Re1 e5 10. dxe6 Nxe6 11. Bf1 a6 12. h3 b6 13. Qc2 Bb7 14. Be3 Qb8 15. a4 Bc6 16. Rad1 Qb7 17. Bd3 Rfe8 18. Rd2 Rad8 19. Rde2 Nc7 20. Bf4 b5 21. axb5 axb5 22. b3 Ne6 23. Bh2 bxc4 24. bxc4 Nh5 25. Nd5 Nd4 26. Nxd4 Bxd4 27. g4 Nf6 28. Kg2 1/2-1/2

[Event "Paul Keres mem (33rd)"]
[Site "Vancouver CAN"]
[Date "2008.05.18"]
[Round "4.4"]
[White "Davies, Lucas"]
[Black "Lee, Vicente jr."]
[Result "0-1"]
[WhiteElo "2238"]
[BlackElo "2356"]
[PlyCount "104"]
[GameId "2160767910354795"]
[EventDate "2008.05.16"]
[EventType "swiss"]
[EventRounds "7"]
[EventCountry "CAN"]

1. e4 c5 2. Nc3 Nc6 3. g3 g6 4. Bg2 Bg7 5. d3 Nf6 6. Be3 d6 7. h3 Rb8 8. Qd2 b5 9. a3 e5 10. f4 Nd4 11. Nf3 Nh5 12. Bf2 Be6 13. O-O Bh6 14. Nxd4 cxd4 15. Ne2 O-O 16. Kh2 d5 17. Bf3 Ng7 18. g4 dxe4 19. dxe4 f6 20. Bh4 Bc4 21. g5 fxg5 22. Bxg5 Bxg5 23. fxg5 Ne6 24. h4 Nf4 25. Kg3 Rb7 26. Rf2 Rbf7 27. Raf1 h6 28. gxh6 Rh7 29. Rh1 Rxh6 30. Bg4 Bxe2 31. Bxe2 a6 32. Bg4 Rh7 33. Rf3 Rc7 34. Rf2 Rf6 35. Qd1 Rfc6 36. Rhh2 Qf8 37. Qf3 Rc3 38. bxc3 Rxc3 39. h5 gxh5 40. Bxh5 Qg7+ 41. Bg4 Rxf3+ 42. Rxf3 Qg6 43. Rxf4 exf4+ 44. Kxf4 Qd6+ 45. e5 Qxa3 46. Re2 Kf8 47. Kf5 Qc5 48. Rh2 a5 49. Rh6 a4 50. Rf6+ Ke7 51. Re6+ Kd8 52. Rd6+ Qxd6 0-1

[Event "Paul Keres mem (33rd)"]
[Site "Vancouver CAN"]
[Date "2008.05.18"]
[Round "4.5"]
[White "Poitras, Luc"]
[Black "Wu, Howard"]
[Result "1/2-1/2"]
[WhiteElo "2192"]
[BlackElo "2251"]
[PlyCount "45"]
[GameId "2160767910354796"]
[EventDate "2008.05.16"]
[EventType "swiss"]
[EventRounds "7"]
[EventCountry "CAN"]

1. e4 c6 2. d4 d5 3. Nc3 dxe4 4. Nxe4 Bf5 5. Nc5 Nd7 6. Nxd7 Qxd7 7. Nf3 e6 8. c3 Bd6 9. Be2 Nf6 10. O-O Qc7 11. Re1 O-O 12. Bf1 Rad8 13. g3 c5 14. Bg2 cxd4 15. Nxd4 Bc5 16. Qb3 Bxd4 17. cxd4 Nd5 18. Bg5 Rd6 19. Rec1 Qd7 20. Rc5 b6 21. Rc4 h6 22. Bd2 Rc8 23. Rac1 1/2-1/2

[Event "Paul Keres mem (33rd)"]
[Site "Vancouver CAN"]
[Date "2008.05.18"]
[Round "5.1"]
[White "Lee, Vicente jr."]
[Black "Cheng, Bindi"]
[Result "1-0"]
[WhiteElo "2356"]
[BlackElo "2360"]
[PlyCount "67"]
[GameId "2160767910354797"]
[EventDate "2008.05.16"]
[EventType "swiss"]
[EventRounds "7"]
[EventCountry "CAN"]

1. d4 d5 2. c4 c6 3. Nc3 Nf6 4. Nf3 a6 5. a4 e6 6. Bg5 Be7 7. e3 a5 8. Bd3 Na6 9. Rc1 Nb4 10. Bb1 O-O 11. O-O b6 12. cxd5 cxd5 13. Ne5 Nd7 14. Bxe7 Qxe7 15. f4 Ba6 16. Rf3 f5 17. Rh3 Nxe5 18. fxe5 g6 19. Ne2 Bxe2 20. Qxe2 Rac8 21. Rc3 h5 22. Rf3 Qd7 23. Qb5 Qxb5 24. axb5 Kf7 25. Rf1 Ke7 26. Rfc1 Kd7 27. Rxc8 Rxc8 28. Rxc8 Kxc8 29. h4 Kd7 30. Kf2 Ke7 31. Kg3 f4+ 32. Kxf4 Kf7 33. Kg5 Kg7 34. b3 1-0

[Event "Paul Keres mem (33rd)"]
[Site "Vancouver CAN"]
[Date "2008.05.18"]
[Round "5.2"]
[White "Toubale, Tarek"]
[Black "Orlov, Georgi"]
[Result "1/2-1/2"]
[WhiteElo "2173"]
[BlackElo "2563"]
[PlyCount "79"]
[GameId "2160767910354798"]
[EventDate "2008.05.16"]
[EventType "swiss"]
[EventRounds "7"]
[EventCountry "CAN"]

1. e4 d6 2. d4 Nf6 3. Nc3 c6 4. f4 Qa5 5. Bd3 e5 6. Nf3 Bg4 7. Be3 Nbd7 8. O-O h5 9. Qd2 Bxf3 10. gxf3 Be7 11. a3 exf4 12. Bxf4 h4 13. b4 Qh5 14. Kh1 Nf8 15. Rae1 N6d7 16. b5 g5 17. Be3 Ng6 18. Qg2 Nf4 19. Bxf4 gxf4 20. bxc6 bxc6 21. Qh3 a6 22. e5 dxe5 23. Bf5 Ra7 24. Bxd7+ Rxd7 25. Rxe5 Qg6 26. Rfe1 Kd8 27. d5 cxd5 28. Rxd5 Rxd5 29. Nxd5 Bd6 30. Nb6 Kc7 31. Qd7+ Kxb6 32. Rb1+ Kc5 33. Qa7+ Kd5 34. Rd1+ Ke6 35. Re1+ Be5 36. Qxa6+ Kf5 37. Qd3+ Kf6 38. Qa6+ Kf5 39. Qd3+ Kf6 40. Qa6+ 1/2-1/2

[Event "Paul Keres mem (33rd)"]
[Site "Vancouver CAN"]
[Date "2008.05.18"]
[Round "5.3"]
[White "Roua, Radu Laurentiu"]
[Black "Selzler, Richard"]
[Result "0-1"]
[WhiteElo "2321"]
[BlackElo "2358"]
[PlyCount "44"]
[GameId "2160767910354799"]
[EventDate "2008.05.16"]
[EventType "swiss"]
[EventRounds "7"]
[EventCountry "CAN"]

1. d4 Nf6 2. Nf3 g6 3. e3 Bg7 4. Bd3 d6 5. O-O O-O 6. e4 Nc6 7. c3 e5 8. dxe5 dxe5 9. a4 Nh5 10. b4 Nf4 11. Bc2 Qf6 12. b5 Rd8 13. Nfd2 Na5 14. Qe1 Bh3 15. Nf3 Bxg2 16. Bxf4 Bxf1 17. Kxf1 Qxf4 18. Nbd2 Bh6 19. Rd1 Rd6 20. Qe2 Rad8 21. Nb1 Rxd1+ 22. Bxd1 Qc1 0-1

[Event "Paul Keres mem (33rd)"]
[Site "Vancouver CAN"]
[Date "2008.05.18"]
[Round "5.4"]
[White "Milicevic, Dragoljub"]
[Black "Berry, Jonathan"]
[Result "0-1"]
[WhiteElo "2168"]
[BlackElo "2284"]
[PlyCount "78"]
[GameId "2160767910354800"]
[EventDate "2008.05.16"]
[EventType "swiss"]
[EventRounds "7"]
[EventCountry "CAN"]

1. Nf3 c5 2. c4 Nc6 3. g3 g6 4. Bg2 Bg7 5. O-O e6 6. d3 Nge7 7. Nc3 d5 8. cxd5 exd5 9. Bg5 h6 10. Bf4 O-O 11. h4 Bg4 12. Qd2 Kh7 13. Rfe1 Rc8 14. Rac1 a6 15. e4 dxe4 16. dxe4 Bxf3 17. Bxf3 Nd4 18. Bg2 b5 19. Nd5 c4 20. Be3 Nxd5 21. exd5 Qf6 22. Bf4 Rfd8 23. d6 Rxd6 24. Bxd6 Qxd6 25. Qe3 Nf5 26. Qe2 Bd4 27. Rcd1 Qf6 28. Rxd4 Nxd4 29. Qe7 Kg7 30. Qb7 Rd8 31. f4 Nf5 32. Qf3 Rd3 33. Qf2 Rxg3 34. Re5 Qxh4 35. Kf1 Qg4 36. Rxf5 Qd1+ 37. Qe1 Qxe1+ 38. Kxe1 gxf5 39. Bb7 Rg6 0-1

[Event "Paul Keres mem (33rd)"]
[Site "Vancouver CAN"]
[Date "2008.05.18"]
[Round "5.5"]
[White "Cadman, Charles"]
[Black "Poitras, Luc"]
[Result "1/2-1/2"]
[WhiteElo "2332"]
[BlackElo "2192"]
[PlyCount "114"]
[GameId "2160767910354801"]
[EventDate "2008.05.16"]
[EventType "swiss"]
[EventRounds "7"]
[EventCountry "CAN"]

1. e4 c5 2. Nf3 Nc6 3. d4 cxd4 4. Nxd4 e5 5. Nb5 d6 6. c4 Be7 7. N1c3 a6 8. Na3 Be6 9. Nd5 Rc8 10. Nc2 Bg5 11. Nce3 Nge7 12. Bd3 O-O 13. O-O Bxd5 14. cxd5 Nd4 15. g3 f5 16. f4 exf4 17. gxf4 Bf6 18. exf5 Qb6 19. Kh1 Kh8 20. Be4 Qb5 21. Rb1 Rc7 22. Bd2 Nexf5 23. a4 Qe8 24. Bxf5 Nxf5 25. Nxf5 Qe4+ 26. Qf3 Qxf5 27. Bb4 Be7 28. b3 h6 29. Rbe1 Rfc8 30. Re6 Bf8 31. Qe4 Qh3 32. Qf3 Qf5 33. Rfe1 Rc1 34. Rxc1 Rxc1+ 35. Re1 Rxe1+ 36. Bxe1 g5 37. Bg3 Bg7 38. Kg2 g4 39. Qd1 Qe4+ 40. Kg1 Bd4+ 41. Bf2 Bxf2+ 42. Kxf2 Qxf4+ 43. Kg2 Kg7 44. Qe2 h5 45. Qe7+ Kg6 46. Qe8+ Qf7 47. Qe4+ Kg5 48. Qe3+ Kf6 49. Qf4+ Ke7 50. Qe4+ Kd7 51. Kg3 Kc7 52. Kh4 Kd8 53. Qd4 Kd7 54. Qe4 Kd8 55. Qd4 Kc7 56. Qc3+ Kd7 57. Qd4 Qe7+ 1/2-1/2